000 01012nam a22001817a 4500
003 BDDh-ASL
005 20231015031251.0
008 230326s1952 b ||||| |||| 00| 0 eng d
040 _aBDDh-ASL
_cBDDh-ASL
041 _aeng
082 _a370
_bAHI
100 1 _aAhmad, Salahuddin
_97716
245 1 0 _aInside Education /
260 _aCalcutta :
_bZul Qarnain & Sharfuddin Ahmad,
_c1952.
300 _a207 p. :
_c17 cm.
650 0 _aশিক্ষা, Education, Education system, শিক্ষা ব্যবস্থা, Śikṣā byabasthā, Higher Education, উচ্চ শিক্ষা, Ucca śikṣā, উন্নত শিক্ষা, Unnata śikṣā, Advanced education, প্রাথমিক শিক্ষা, Prāthamika śikṣā, Primary education, উচ্চ মাধ্যমিক শিক্ষা, Ucca mādhyamika śikṣā, Higher secondary education, মাধ্যমিক শিক্ষা, Mādhyamika śikṣā, Secondary Education
_95904
942 _2ddc
_cBK
999 _c31393
_d31393